Nghiên cứu phương pháp tính kiểm tra tuần hoàn môi chất trong lò hơi đốt bã mía ở nhà máy đường

Gorde:
Xehetasun bibliografikoak
Egile nagusia: Đoàn Ngọc Hùng Anh.
Beste egile batzuk: Đào Ngọc Chân, PGS.PTS. (hướng dẫn.)
Formatua: Liburua
Hizkuntza:Vietnamese
Argitaratua: Đà Nẵng, 1999.
Gaiak:
Etiketak: Etiketa erantsi
Etiketarik gabe, Izan zaitez lehena erregistro honi etiketa jartzen!
Thư viện lưu trữ: Mạng thư viện Đại học Đà Nẵng
LEADER 01108cam a2200361 a 4500
001 000044761
003 3169
005 20061031215857.0
008 010307b1999 vm 000 vie
040 |a IRC  |c IRC  |d IRC 
041 0 |a vie 
082 1 4 |a 621.4  |b ĐO-A 
100 1 |a Đoàn Ngọc Hùng Anh. 
245 1 0 |a Nghiên cứu phương pháp tính kiểm tra tuần hoàn môi chất trong lò hơi đốt bã mía ở nhà máy đường  |h [Thesis-Luận văn] /  |c Đoàn Ngọc Hùng Anh thực hiện ; Đào Ngọc Chân hướng dẫn. 
260 |a Đà Nẵng,  |c 1999. 
300 |a 87 tr. ;  |c 29 cm. 
630 0 4 |a Lò hơi. 
630 0 4 |a Đốt bã mía. 
630 0 4 |a Nhà máy đường. 
650 0 4 |a Lò hơi  |x Công nghệ. 
650 0 4 |a Môi chất. 
700 1 |a Đào Ngọc Chân,  |c PGS.PTS.,  |e hướng dẫn. 
OWN |a DUT 
999 |a From the UDN01 
TYP |a Mixed Materials 
TYP |a Monograph 
TYP |a Printed language 
980 |a Mạng thư viện Đại học Đà Nẵng